00555nam a2200121 a 450000100080000000500110000800800410001910000170006024500680007726000820014552001960022765000100042310065772020-01-16 2008 bl uuuu u00u1 u #d1 aMARIN, F. R. aColheita de laranja já está encerrada.h[electronic resource] aO Estado de S. Paulo, São Paulo, 9 jan. 2008. Caderno agrícola, p.16.c2008 aVariedades natal e pêra fecham a safra, que não teve, porém, bom retorno econômico por causa do dólar baixo. Doenças fúngicas. Boa umidade do solo favorece o crescimento das pastagens. aClima